000 00495nam a2200205Ia 4500
008 160803s9999 xx 000 0 und d
020 _a9780516231235
100 _aWinne, Joanne
245 _aBlue in my world /
245 _cby Joanne Winne.
260 _aNew York :
260 _bScholastic Inc.
260 _c2000
300 _a24 pages :
300 _bcolor illustrations ;
300 _c16 x 19 cm.
650 _aBlue --
650 _xJuvenile literature.
700 _a160
999 _c298993
_d298993